000 00755nam a2200241 a 4500
999 _c3938
_d3938
001 3938
003 BD-JhCC
005 20180306193415.0
008 171119s1993 bg |||| ||a| 000 0 ben d
020 _a9840727702
035 _a(BD-JhCC)3938
040 _aBD-JhCC
_dBD-JhCC
041 _aben
082 _a491.443
_bBAN 1993
245 _aবাংলা একডেমী নজরুল শব্দকোষ /
_cআবুল কালাম মুস্তফা
260 _aঢাকা :
_bবাংলা একডেমী,
_c১৯৯৩.
300 _a314 p. :
_c22 cm.
650 _aDictionary Of Words
650 _aLexicography
700 _aমুস্তফা, আবুল কালাম
942 _2ddc
_cBK